Score 0/20 Timer 04:00
0 Plays Today
Title Missing Word % Correct
Live and Let ____Die
96.2%
A ____ Named DesireStreetcar
95.2%
12 Years a ____Slave
94.5%
The ____ MileGreen
93.7%
Dead Man ____Walking
93.6%
____ MagnoliasSteel
93.4%
Interview with the ____Vampire
88%
Monster's ____Ball
79.8%
____ PurchaseLouisiana
79.1%
The Princess and the ____Frog
75%
Title Missing Word % Correct
Blues ____ 2000Brothers
74.5%
____ ComfortSouthern
64.7%
The Haunted ____Mansion
53.7%
The Big ____Easy
52.9%
Fletch ____Lives
50%
Universal ____Soldier
49%
The ____ KeySkeleton
48%
The ___ ExorcismLast
45.6%
____ of the Southern WildBeasts
40.2%
Eve's ____Bayou
24.9%

Today's Daily Dose

Remove Ads.
Support Sporcle.
Get the best of Sporcle when you Go Orange. This ad-free experience offers more features, more stats, and more fun while also helping to support Sporcle. Thank you for becoming a member.

You're not logged in!

Compare scores with friends on all Sporcle quizzes.
OR
Log In

Show Comments

Extras

Top Quizzes Today


Score Distribution

Your Account Isn't Verified!

In order to create a playlist on Sporcle, you need to verify the email address you used during registration. Go to your Sporcle Settings to finish the process.

Report this User

Report this user for behavior that violates our Community Guidelines.

Details: